LEADER 04695nam 22006373 450 001 9910915689303321 005 20230618050359.0 010 $a0-8130-6780-4 010 $a0-8130-7046-5 035 $a(MiAaPQ)EBC30585940 035 $a(Au-PeEL)EBL30585940 035 $a(OCoLC)1381708308 035 $a(MdBmJHUP)musev2_103984 035 $a(CKB)26845787900041 035 $a(EXLCZ)9926845787900041 100 $a20230608d2023 uy 0 101 0 $aeng 135 $aurcnu|||||||| 181 $ctxt$2rdacontent 182 $cc$2rdamedia 183 $acr$2rdacarrier 200 10$aArchaeological and Ethnographic Evidence of Domination in Indigenous Latin America 205 $a1st ed. 210 1$aGainesville :$cUniversity Press of Florida,$d2023. 210 4$dİ2023. 215 $a1 online resource (261 pages) 311 $a0-8130-6970-X 327 $aIntroduction / Yamilette Chacon and Richard J. Chacon -- Amphibious and Aquatic Warfare in Mesoamerica: Conquest by Water and Land / Mariana Favila V zquez -- The Formation of Warrior Cultures and the "Ritualized War" in the Central Andes / Krzysztof Makowski -- Pucara VS Fortress: Defensive Arrangements during the Late Intermediate Period (AD 1/ -1450) on the Coast and Sierra of the Central Andes / Vincent Chamussy and Romuald Housse -- War or Peace on the Central Coast? Questioning metanarratives of Late Intermediate Period mobocracies on the basis of Ychsma evidence from Pachacamac, Peruvian Central Coast / Peter Eeckhout and Lawrence S. Owens -- The Origins of the Inka Empire: Elite Agency in the Competition for Power / Dennis Ogburn -- Warfare and Wife Beating: What Spencer Didn't Know / Stephen Beckerman, Pamela Erickson, and James Yost -- Contemplating Domination / Nam C. Kim 330 $a"New data and interpretations that shed light on the nature of power relations in prehistoric and contemporary Indigenous societies This volume explores the nature of power relations and social control in Indigenous societies of Latin America. Its chapters focus on instances of domination in different contexts as reflected in archaeological, osteological, and ethnohistorical records, beginning with prehistoric case studies to examples from the ethnographic present. Ranging from the development of nautical and lacustrine warfare technology in pre-contact Mesoamerica to the psychological functions of domestic violence among contemporary Amazonian peoples, these investigations shed light on how leaders often use violence or the threat of violence to advance their influence. The essays show that while social control can be overt, it may also be veiled in the form of monumental architecture, fortresses or pukara, or rituals that signal to friends and foes alike the power of those in control. Contributors challenge many widely accepted conceptions of violence, warfare, and domination by presenting new evidence, and they also offer novel interpretations of power relations at the domestic, local, and regional spheres. Encompassing societies from tribal to state levels of sociopolitical complexity, the studies in this volume present different dimensions of conflict and power found among the prehistoric and contemporary Indigenous peoples of Latin America"--$cProvided by publisher. 330 $a"This volume explores the nature of power relations and social control in Indigenous societies of Latin America as reflected in archaeological, osteological, and ethnohistorical records"--$cProvided by publisher. 606 $aSocial control$zLatin America$xHistory 606 $aIndigenous peoples$xSocial aspects$zLatin America$xHistory 606 $aIndigenous peoples$zLatin America$xPolitics and government$xHistory 606 $aEthnology$zLatin America 606 $aSOCIAL SCIENCE / Archaeology$2bisacsh 606 $aSOCIAL SCIENCE / Violence in Society$2bisacsh 607 $aLatin America$xSocial policy$xHistory 608 $aHistory. 608 $aElectronic books. 615 0$aSocial control$xHistory. 615 0$aIndigenous peoples$xSocial aspects$xHistory. 615 0$aIndigenous peoples$xPolitics and government$xHistory. 615 0$aEthnology 615 7$aSOCIAL SCIENCE / Archaeology 615 7$aSOCIAL SCIENCE / Violence in Society 676 $a303.3/3098 686 $aSOC003000$aSOC051000$2bisacsh 700 $aChacon$b Yamilette$01778801 701 $aChacon$b Richard J$0868562 801 0$bMiAaPQ 801 1$bMiAaPQ 801 2$bMiAaPQ 906 $aBOOK 912 $a9910915689303321 996 $aArchaeological and Ethnographic Evidence of Domination in Indigenous Latin America$94301777 997 $aUNINA